000 01264nam a2200325 a 4500
001 000109473
003 CHAP
005 20220329144052.0
008 140506s2013 mx a sm |||||||spa d
010 _a105935
011 _a106907
040 _cCHAP
090 _aTesis
100 1 _aLópez Ortega, María Guadalupe
_9126699
245 1 0 _aRendimiento y calidad de grano de "mijo perla" Pennisetum glaucum, (Br.) poaceae con uso de micorrizas Gomus intraradices y fertilizantes quimicos
_h[En línea]
_cpor María Guadalupe López Ortega.
260 _aChapingo, Méx. :
_bEl autor,
_c2013.
500 _aPara ver el contenido del material haga clic en la liga
502 _aTesis (Ing. Agr. Esp. en Sistemas Pecuarios) -- UACH. Unidad Regional Universitaria de Zonas Árias
590 _aBATCH-UPD
_b05
_c20141002
_lUCH01
_h0902
590 _aE5652GLJ
_b05
_c20140506
_lUCH01
_h0940
590 _aE5652GLJ
_b05
_c20140506
_lUCH01
_h0940
650 1 4 _aFertilizantes
_xEfecto en mijo perla.
_940529
650 1 4 _aMicorriza.
_975486
650 1 4 _aMijo perla
_xMejoramiento.
_975679
650 1 4 _aMijo perla
_xRendimiento.
_975682
856 _aFinding aid
_uhttp://10.13.5.2/tesis/sist109473.pdf
_zTeclea aquí
901 _aBK
942 _cTESIS
942 _n0
999 _c105935
_d105935